| 000 | 00721nam a2200181 i 4500 | ||
|---|---|---|---|
| 001 | 188401 | ||
| 003 | ES-MaACL | ||
| 005 | 20230906223207.0 | ||
| 008 | 180914s1958 mx |||| | spa d | ||
| 100 | 0 |
_aGonzález Pedrero, Enrique. _958866 |
|
| 245 | 1 | 0 |
_aDos reflexiones en torno a la teoría de la enajenación / _cEnrique González Pedrero. |
| 260 |
_aMéxico : _bUniversidad Nacional de México, _c1958. |
||
| 300 |
_aP. 13-26 ; _c21 cm. |
||
| 490 | 1 |
_aCuadernos del Seminario de Problemas Científicos y Filosóficos ; _vSegunda serie nº 12 |
|
| 830 | 0 |
_aCuadernos del Seminario de Problemas Científicos y Filosóficos ; _vSegunda serie nº 12 _9193031 |
|
| 852 |
_aES-MaACL _j2088-F-11 |
||
| 999 |
_c188401 _d188401 |
||